000 01020cam a2200301 4500
008 090401t1998 xxu||||| |||| 00| 0 eng d
020 _a0854068864
035 _a(Sirsi) u85994
041 _aeng
050 _a332.6324
110 _aRoyal Institution of Chartered Surveyors
_94900
245 _aTo hedge or not to hedge? A study of international real estate investment under exchange rate uncertainty.
260 _aLondon
_bRICS
_c1998
300 _a30p. ; 30cm.
350 _a4.95
520 _aResearch project commissioned by the RICS Education Trust and undertaken by the University of Reading and Colorado State University.
650 _aHEDGING
650 _aINTERNATIONAL INVESTMENT
650 _aMONTE CARLO SIMULATION
650 _aREAL ESTATE INVESTMENT
690 _aPROPERTY-PROPERTY FINANCE AND INVESTMENT
700 _aLizieri, Colin
700 _aWorzala, Elaine
700 _aJohnson, Richard
710 _aColorado State University
_93636
942 _n0
948 _c06/05/1998
999 _c97096
_d97096